000 00387nam a22001697a 4500
005 20180719130256.0
008 160620b xxu||||| |||| 00| 0 eng d
020 _a81-7629-622-8
041 _aeng
082 _b8335
_a658.154
100 _aBedi, Anjana
_92279
245 _aCapital Budgeting
260 _bDeep and Deep
300 _a119p,
650 _aManagement
_9241
942 _cBK
999 _c3190
_d3189